[Event "75. LJUBLJANSKA LIGA 2023"]
[Site " gostovanja"]
[Date "2023.03.02"]
[Round "6.1"]
[White "Coklin, Marko"]
[Black "Debevec, Blaz"]
[Result "1/2-1/2"]
[WhiteElo "2129"]
[BlackElo "2070"]
[PlyCount "110"]
[EventDate "2023.03.02"]
[WhiteTeam "SK TRZIN BUSCOTRADE"]
[BlackTeam "SD DOMZALE"]

1. c4 Nf6 2. g3 g6 3. Bg2 Bg7 4. Nc3 O-O 5. h4 h5 6. Nh3 c6 7. e4 e5 8. d3 Na6
9. Bg5 Nc5 10. Qd2 Re8 11. Be3 d6 12. O-O Ng4 13. Bg5 f6 14. Be3 Ne6 15. Ne2 c5
16. Rab1 a5 17. Nc3 Nd4 18. Nd5 Be6 19. f3 Nxe3 20. Qxe3 Bxd5 21. cxd5 Rf8 22.
f4 f5 23. Kh2 Qe7 24. exf5 Nxf5 25. Qe4 Rae8 26. Rbe1 Qd8 27. Qf3 Nd4 28. Qd1
Bh6 29. fxe5 Rxf1 30. Bxf1 Rxe5 31. Rxe5 dxe5 32. Bg2 b6 33. Qe1 Qf6 34. Qf2
Kf7 35. Qxf6+ Kxf6 36. Nf2 Ke7 37. Ne4 Be3 38. Bh3 Nb5 39. Kg2 a4 40. Kf3 Bc1
41. Nc3 Nd4+ 42. Ke4 b5 43. Kxe5 Bxb2 44. d6+ Kd8 45. Ne4 b4 46. Kd5 Nf5 47.
Nxc5 b3 48. axb3 a3 49. b4 a2 50. Nb3 Nd4 51. Nc5 Nf5 52. Bxf5 gxf5 53. Nb3
a1=Q 54. Nxa1 Bxa1 55. Ke6 Bd4 {nejasno (62)} 1/2-1/2

[Event "75. LJUBLJANSKA LIGA 2023"]
[Site " gostovanja"]
[Date "2023.03.02"]
[Round "6.2"]
[White "Skok, Joze"]
[Black "Jakob, Matthias"]
[Result "1/2-1/2"]
[WhiteElo "1940"]
[BlackElo "1996"]
[PlyCount "67"]
[EventDate "2023.03.02"]
[WhiteTeam "SD DOMZALE"]
[BlackTeam "SK TRZIN BUSCOTRADE"]

1. e4 c5 2. c3 Nf6 3. e5 Nd5 4. Nf3 e6 5. Bc4 d6 6. exd6 Qxd6 7. O-O Nc6 8. d4
cxd4 9. cxd4 Be7 10. Nc3 O-O 11. Re1 Rd8 12. Be3 b6 13. Rc1 Nxe3 14. fxe3 b5
15. Bb3 Bb7 16. Ne4 Qd7 17. Nc5 Bxc5 18. Rxc5 Qe7 19. Qe2 Na5 20. Rec1 Nxb3 21.
axb3 Rac8 22. b4 f6 23. Kf2 Qd7 24. R1c3 Rxc5 25. Rxc5 Rc8 26. Qc2 Rxc5 27.
Qxc5 g6 28. h4 Kf7 29. h5 g5 30. Qxa7 Qc6 31. Qb8 Kg7 32. h6+ Kxh6 33. Qf8+ Kg6
34. Qg8+ 1/2-1/2

[Event "75. LJUBLJANSKA LIGA 2023"]
[Site " gostovanja"]
[Date "2023.03.02"]
[Round "6.3"]
[White "Lah, Emil"]
[Black "Markosek, Bine"]
[Result "1/2-1/2"]
[WhiteElo "1951"]
[BlackElo "1866"]
[PlyCount "120"]
[EventDate "2023.03.02"]
[WhiteTeam "SK TRZIN BUSCOTRADE"]
[BlackTeam "SD DOMZALE"]

1. e4 e5 2. Nf3 Nc6 3. Bc4 Bc5 4. c3 Nf6 5. d3 h6 6. b4 Bb6 7. a4 a6 8. a5 Ba7
9. O-O O-O 10. Be3 d6 11. Bxa7 Rxa7 12. h3 Be6 13. Nbd2 Qe7 14. Re1 Rd8 15. Qb3
Nh5 16. Rad1 Nf4 17. Nf1 Qf6 18. Bxe6 fxe6 19. Kh2 Rf8 20. Re3 Raa8 21. g3 Ng6
22. Rd2 Rad8 23. Kg2 Kh8 24. N1h2 Qe7 25. Qd1 d5 26. exd5 exd5 27. Nxe5 Ngxe5
28. d4 Qf6 29. dxe5 Nxe5 30. Ng4 Nxg4 31. Qxg4 c6 32. Rf3 Qe5 33. Re2 Qd6 34.
Rxf8+ Rxf8 35. Qe6 Qd8 36. Qe7 Qc8 37. Re6 Kg8 38. f4 Rf7 39. Qd6 Qc7 40. Re8+
Kh7 41. Qxc7 Rxc7 42. Re5 c5 43. Rxd5 cxb4 44. cxb4 Rc4 45. b5 Ra4 46. b6 Ra3
47. f5 Kg8 48. Rd8+ Kf7 49. Rd5 Kf6 50. g4 Kf7 51. Rd7+ Kf6 52. Rxb7 Rxa5 53.
Rc7 Rb5 54. b7 a5 55. h4 a4 56. Rc6+ Kf7 57. Rc7+ Kf6 58. Rc4 Rxb7 59. Rxa4 Ke5
60. Ra5+ Kf4 1/2-1/2

[Event "75. LJUBLJANSKA LIGA 2023"]
[Site " gostovanja"]
[Date "2023.03.02"]
[Round "6.4"]
[White "Timagina, Sofia"]
[Black "Krumpak, Hinko"]
[Result "1-0"]
[WhiteElo "1426"]
[BlackElo "2043"]
[PlyCount "103"]
[EventDate "2023.03.02"]
[WhiteTeam "SD DOMZALE"]
[BlackTeam "SK TRZIN BUSCOTRADE"]

1. e4 g6 2. d4 Bg7 3. Nf3 c5 4. c3 Qb6 5. Be2 cxd4 6. cxd4 Nc6 7. e5 f6 8. O-O
fxe5 9. dxe5 Nxe5 10. Nc3 Nxf3+ 11. Bxf3 Nf6 12. Qc2 O-O 13. Be3 Qa5 14. Rad1
e6 15. Rd2 d5 16. Re1 Bd7 17. Bd4 Rac8 18. a3 b5 19. Qd3 Kh8 20. Qe3 Rc7 21.
Be5 Rc6 22. Be2 a6 23. Ra1 Ne8 24. Bxg7+ Nxg7 25. Qd4 Qb6 26. Qxb6 Rxb6 27. Ne4
Rc6 28. Nc3 Nf5 29. Rad1 Rfc8 30. g3 Kg7 31. Kg2 Nd6 32. Bg4 Nf5 33. Bf3 R6c7
34. g4 Nh4+ 35. Kg3 Nxf3 36. Kxf3 Rc4 37. h3 g5 38. Kg3 Bc6 39. Re1 Bd7 40.
Red1 Kf6 41. Rd3 b4 42. axb4 Rxb4 43. Rxd5 Rxb2 44. Ne4+ Ke7 45. Rxg5 Kf7 46.
Ra5 Bb5 47. Ng5+ Ke7 48. Re1 Rc3+ 49. Kh4 h6 50. Rxe6+ Kd7 51. Rxh6 Rxf2 52.
Ne4 1-0

[Event "75. LJUBLJANSKA LIGA 2023"]
[Site " gostovanja"]
[Date "2023.03.04"]
[Round "6.1"]
[White "Siraj, Svit"]
[Black "Keber, Aljosa"]
[Result "0-1"]
[WhiteElo "2088"]
[BlackElo "1876"]
[PlyCount "72"]
[EventDate "2023.03.02"]
[WhiteTeam "SD VRHNIKA"]
[BlackTeam "SK KOMENDA POGI"]

1. e4 c5 2. Nf3 d6 3. Bb5+ Nd7 4. d4 cxd4 5. Qxd4 Ngf6 6. O-O e5 7. Qd3 Be7 8.
c4 O-O 9. Bxd7 Qxd7 10. Nc3 h6 11. Rd1 b6 12. b3 Rd8 13. Ba3 Qg4 14. Qe3 Bb7
15. Ne1 Nxe4 16. f3 Qg5 17. Qxg5 Nxg5 18. Nb5 Rd7 19. Rd2 Bc6 20. Nxd6 Rad8 21.
Rad1 Ne6 22. Nc2 f5 23. Ne3 Nd4 24. c5 bxc5 25. Ndc4 f4 26. Ng4 Bxf3 27. Ngxe5
Bxd1 28. Nxd7 Rxd7 29. Ne5 Rd5 30. Nd3 Be2 31. Kf2 Bxd3 32. Rxd3 c4 33. bxc4
Bh4+ 34. g3 fxg3+ 35. hxg3 Rf5+ 36. Kg2 Bf6 0-1

[Event "75. LJUBLJANSKA LIGA 2023"]
[Site " gostovanja"]
[Date "2023.03.04"]
[Round "6.2"]
[White "Cimperman, Teo"]
[Black "Praznik, Anton"]
[Result "0-1"]
[WhiteElo "1532"]
[BlackElo "2078"]
[PlyCount "52"]
[EventDate "2023.03.02"]
[WhiteTeam "SK KOMENDA POGI"]
[BlackTeam "SD VRHNIKA"]

1. e4 d6 2. d4 Nf6 3. Nc3 g6 4. Nf3 Bg7 5. Be3 O-O 6. Bc4 Nxe4 7. Nxe4 d5 8.
Bxd5 Qxd5 9. Nc3 Qh5 10. Ne2 Bg4 11. Ng3 Bxf3 12. gxf3 Qb5 13. b3 Qb4+ 14. Qd2
Qxd2+ 15. Kxd2 Rd8 16. c3 c5 17. Ne2 Nc6 18. Kd3 cxd4 19. cxd4 e5 20. d5 Rxd5+
21. Kc4 Rad8 22. Nc3 Rd4+ 23. Bxd4 Rxd4+ 24. Kb5 Rb4+ 25. Kc5 Bf8+ 26. Kd5 Rd4#
0-1

[Event "75. LJUBLJANSKA LIGA 2023"]
[Site " gostovanja"]
[Date "2023.03.04"]
[Round "6.3"]
[White "Vodnik, Val"]
[Black "Macek, Inti"]
[Result "1/2-1/2"]
[WhiteElo "1348"]
[BlackElo "1512"]
[PlyCount "71"]
[EventDate "2023.03.02"]
[WhiteTeam "SD VRHNIKA"]
[BlackTeam "SK KOMENDA POGI"]

1. d4 Nf6 2. c4 g6 3. Nc3 Bg7 4. e4 d6 5. Be2 O-O 6. Be3 e5 7. d5 Nbd7 8. g4
Nc5 9. f3 a5 10. Qd2 b6 11. h4 h5 12. gxh5 Nxh5 13. Bg5 f6 14. Bh6 Kh7 15. Bxg7
Kxg7 16. Nh3 f5 17. Ng5 f4 18. Bd3 Ng3 19. Rh2 Bd7 20. Ne2 Qf6 21. O-O-O Ba4
22. Rg1 Bd7 23. Kc2 Nh5 24. Nc3 Rh8 25. Bf1 Ng3 26. Bh3 Bxh3 27. Rxh3 Rh6 28.
Ne2 Nh5 29. Rh2 Rah8 30. Qe1 Rg8 31. Rg4 Kf8 32. Rhg2 Ke7 33. a3 a4 34. Rg1 Rf8
35. R1g2 Rg8 36. Rg1 1/2-1/2

[Event "75. LJUBLJANSKA LIGA 2023"]
[Site " gostovanja"]
[Date "2023.03.04"]
[Round "6.4"]
[White "Perme, Lojze"]
[Black "Sever, Gasper"]
[Result "0-1"]
[WhiteElo "1094"]
[BlackElo "1277"]
[PlyCount "64"]
[EventDate "2023.03.02"]
[WhiteTeam "SK KOMENDA POGI"]
[BlackTeam "SD VRHNIKA"]

1. e4 e6 2. f3 d5 3. exd5 exd5 4. d4 Bd6 5. Nc3 Qh4+ 6. g3 Bxg3+ 7. Ke2 c6 8.
Nh3 Bd6 9. Bg5 Qh5 10. Kd2 Bxh3 11. Bxh3 Qxg5+ 12. Ke1 Qh4+ 13. Kd2 Qxh3 14.
Qe2+ Ne7 15. Rag1 Qh6+ 16. Kd1 Nd7 17. Re1 O-O-O 18. a3 Nb6 19. b3 Bxa3 20. Qd2
Qf6 21. f4 Nf5 22. Nb1 Bd6 23. c3 Nh4 24. Qe2 Bxf4 25. Nd2 Bxd2 26. Kxd2 Nf3+
27. Kd1 Qf5 28. Kc1 Rhe8 29. Qxe8 Rxe8 30. Rxe8+ Kd7 31. Re2 Qd3 32. Rf2 Qe3+
0-1

[Event "75. LJUBLJANSKA LIGA 2023"]
[Site " gostovanja"]
[Date "2023.03.02"]
[Round "6.1"]
[White "Markoja, Sebastijan"]
[Black "Zmavc, Mark"]
[Result "1-0"]
[WhiteElo "2217"]
[BlackElo "1952"]
[PlyCount "101"]
[EventDate "2023.03.02"]
[WhiteTeam "SK DOL PRI LJUBLJANI"]
[BlackTeam "SK LJUBLJANA"]

1. e4 c5 2. Nf3 e6 3. b3 Nc6 4. Bb2 Nf6 5. e5 Nd5 6. g3 Be7 7. Bg2 O-O 8. O-O
f6 9. Na3 fxe5 10. Nxe5 Nxe5 11. Bxe5 d6 12. Bb2 Bf6 13. Bxf6 Qxf6 14. Nc4 Rd8
15. Qh5 Ne7 16. Rae1 Rb8 17. c3 g6 18. Qe2 b5 19. Ne3 Nf5 20. Ng4 Qg7 21. f4
Re8 22. Bc6 Re7 23. Bxb5 h5 24. Nf2 Bb7 25. Bd3 Rbe8 26. Be4 d5 27. Bg2 e5 28.
fxe5 Rxe5 29. Qd1 d4 30. Bxb7 Qxb7 31. Rxe5 Rxe5 32. Nd3 Re7 33. Nf4 Kh7 34. c4
Qe4 35. Nd5 Re6 36. Nf4 Re7 37. Nh3 Kh6 38. Nf2 Qe6 39. Nd3 Qd6 40. Qf3 Kh7 41.
Nf4 Re5 42. Qb7+ Kh6 43. Qc8 Kh7 44. Nxh5 Ne7 45. Rf7+ Kh6 46. Qh8+ Kg5 47. Nf4
Nf5 48. Rf6 Re1+ 49. Kf2 Qxf6 50. Nh3+ Kg4 51. Qxf6 1-0

[Event "75. LJUBLJANSKA LIGA 2023"]
[Site " gostovanja"]
[Date "2023.03.02"]
[Round "6.3"]
[White "Magerl, Zan"]
[Black "Komelj, Erazem"]
[Result "0-1"]
[WhiteElo "1347"]
[BlackElo "1589"]
[PlyCount "126"]
[EventDate "2023.03.02"]
[WhiteTeam "SK DOL PRI LJUBLJANI"]
[BlackTeam "SK LJUBLJANA"]

1. e4 c6 2. d4 d5 3. exd5 cxd5 4. c4 Nf6 5. Nf3 e6 6. Be2 Nc6 7. O-O Be7 8. Bf4
dxc4 9. Bxc4 O-O 10. Nc3 Nb4 11. h3 a6 12. a3 Nbd5 13. Bh2 b5 14. Ba2 Nxc3 15.
bxc3 Bxa3 16. Qc2 Bd6 17. Bxd6 Qxd6 18. c4 bxc4 19. Bxc4 Bb7 20. Qb3 Bd5 21.
Ra5 Rfc8 22. Bxd5 Nxd5 23. Rfa1 h6 24. Ne5 Rcb8 25. Qf3 Rb7 26. Nd3 Rab8 27. g3
Rb1+ 28. Rxb1 Rxb1+ 29. Kh2 Rb5 30. Ne5 f6 31. Nc4 Qc6 32. Qe2 Rxa5 33. Nxa5
Qb6 34. Nc4 Qc6 35. Na5 Nc3 36. Qe3 Qc8 37. Nb3 Nd5 38. Qe2 Kf7 39. Qe1 Qc3 40.
Qb1 a5 41. Qa2 Nb4 42. Qa4 Qc2 43. Qd7+ Kg6 44. Qxe6 Qxf2+ 45. Kh1 Qf1+ 46. Kh2
Qf2+ 47. Kh1 Qxg3 48. Qe4+ f5 49. Qe6+ Kg5 50. Qe7+ Kh5 51. Nxa5 Nd3 52. Qe2+
Kh4 53. Qg2 Nf2+ 54. Kg1 Nxh3+ 55. Kh1 Qe1+ 56. Kh2 Qf2 57. Qxf2+ Nxf2 58. d5
Ne4 59. Nc4 Kg5 60. Kg2 Kf6 61. Kf3 g5 62. d6 Ke6 63. Ne5 Nxd6 0-1

[Event "75. LJUBLJANSKA LIGA 2023"]
[Site " gostovanja"]
[Date "2023.03.02"]
[Round "6.4"]
[White "Glavac, Leo"]
[Black "Zdolc, Damjan"]
[Result "1-0"]
[WhiteElo "1325"]
[BlackElo "1686"]
[PlyCount "111"]
[EventDate "2023.03.02"]
[WhiteTeam "SK LJUBLJANA"]
[BlackTeam "SK DOL PRI LJUBLJANI"]

1. e4 d6 2. d4 Nf6 3. Bd3 g6 4. c4 Bg7 5. Nc3 O-O 6. Nge2 Bg4 7. O-O Nc6 8. f3
Bd7 9. Be3 e5 10. d5 Ne7 11. Rc1 c5 12. dxc6 bxc6 13. Qd2 d5 14. cxd5 cxd5 15.
exd5 Nfxd5 16. Nxd5 Nxd5 17. Bc5 Re8 18. Be4 Be6 19. Rfd1 Nf4 20. Nxf4 Qxd2 21.
Rxd2 exf4 22. Bxa8 Rxa8 23. Rcd1 Bf6 24. b4 a6 25. Bd4 Be7 26. Be5 g5 27. a3 h6
28. Bc7 Bf6 29. Bd8 Bc3 30. Rd3 Bb3 31. Rc1 Bb2 32. Re1 Bc4 33. Re8+ Kh7 34.
Rd1 Bxa3 35. Re5 Bxb4 36. Bb6 a5 37. Rd8 Ra6 38. Bd4 Be6 39. Rh8+ Kg6 40. Rg8+
Kh7 41. Rg7+ Kxg7 42. Rxe6+ Kg8 43. Rxa6 Kh7 44. Bb6 f6 45. Bxa5 Bxa5 46. Rxa5
Kg6 47. Ra7 h5 48. Kf1 h4 49. Ke2 f5 50. h3 g4 51. hxg4 fxg4 52. fxg4 Kg5 53.
Kf3 h3 54. gxh3 Kh4 55. Rg7 Kxh3 56. Rh7# 1-0

[Event "75. LJUBLJANSKA LIGA 2023"]
[Site " gostovanja"]
[Date "2023.03.02"]
[Round "6.1"]
[White "Markun, Ozbej"]
[Black "Lucovnik, Tilen"]
[Result "0-1"]
[WhiteElo "1958"]
[BlackElo "2161"]
[PlyCount "58"]
[EventDate "2023.03.02"]
[WhiteTeam "SS TOMO ZUPAN KRANJ"]
[BlackTeam "SK KOMENDA POPOTNIK"]

1. e4 d6 2. Nf3 Nf6 3. d3 e5 4. g3 Be7 5. Bg2 O-O 6. O-O c6 7. a4 a5 8. Nbd2
Nbd7 9. Nc4 Qc7 10. Ne3 Rd8 11. g4 g6 12. Ne1 Nc5 13. h4 Ne6 14. Bf3 Ne8 15.
N1g2 N8g7 16. g5 Nd4 17. Bg4 f6 18. gxf6 Bxf6 19. Bxc8 Rdxc8 20. Ng4 Rf8 21.
Kh1 Qe7 22. Nxf6+ Qxf6 23. f4 Nh5 24. Kg1 exf4 25. Bxf4 Nxf4 26. Rxf4 Qe5 27.
c3 Rxf4 28. Nxf4 Qxf4 29. cxd4 Qg3+ 0-1

[Event "75. LJUBLJANSKA LIGA 2023"]
[Site " gostovanja"]
[Date "2023.03.02"]
[Round "6.2"]
[White "Juhant, Igor"]
[Black "Logar, Metod"]
[Result "1-0"]
[WhiteElo "1946"]
[BlackElo "1970"]
[PlyCount "81"]
[EventDate "2023.03.02"]
[WhiteTeam "SK KOMENDA POPOTNIK"]
[BlackTeam "SS TOMO ZUPAN KRANJ"]

1. e4 e5 2. Nc3 Nc6 3. f4 Bc5 4. Nf3 d6 5. Na4 Bg4 6. Nxc5 dxc5 7. Bb5 Nge7 8.
O-O O-O 9. Bxc6 Nxc6 10. h3 Bxf3 11. Qxf3 Nd4 12. Qd1 exf4 13. Rxf4 Qd6 14. d3
Rad8 15. Rf2 Ne6 16. Qe2 c4 17. dxc4 Nd4 18. Qd3 Qe6 19. Bf4 Nc6 20. Qc3 Qxe4
21. Bxc7 Rd7 22. Re1 Qd4 23. Qxd4 Nxd4 24. Ba5 b6 25. Bc3 Ne6 26. b3 Rfd8 27.
Kf1 a6 28. Re5 Rd6 29. Rff5 Rd1+ 30. Be1 g6 31. Rf2 R8d7 32. Ke2 Ra1 33. Rd5
Rc7 34. a4 Nf4+ 35. Rxf4 Re7+ 36. Kd2 Raxe1 37. Rf6 R1e2+ 38. Kc3 Rxg2 39. Rxb6
f5 40. c5 Ree2 41. Rb7 1-0

[Event "75. LJUBLJANSKA LIGA 2023"]
[Site " gostovanja"]
[Date "2023.03.02"]
[Round "6.3"]
[White "Smirnov, Maksim"]
[Black "Zidar, Jernej"]
[Result "0-1"]
[WhiteElo "1405"]
[BlackElo "1815"]
[PlyCount "64"]
[EventDate "2023.03.02"]
[WhiteTeam "SS TOMO ZUPAN KRANJ"]
[BlackTeam "SK KOMENDA POPOTNIK"]

1. d4 Nf6 2. Bf4 e6 3. e3 b6 4. Nf3 Bb7 5. Be2 Be7 6. h3 c5 7. O-O O-O 8. c3 d6
9. Nbd2 Nbd7 10. Nc4 Ne4 11. Nfd2 Ndf6 12. Nxe4 Nxe4 13. Nd2 f5 14. Nxe4 Bxe4
15. Qb3 Rf6 16. Bc4 Qd7 17. d5 e5 18. Bxe5 dxe5 19. f3 Bxf3 20. Rxf3 Bd6 21.
Bb5 Qe7 22. Qc2 e4 23. Rf2 Qe5 24. Rd1 Qh2+ 25. Kf1 Bg3 26. Bc4 Rd6 27. Rdd2
Qh1+ 28. Ke2 Bxf2 29. Kxf2 Rf8 30. a3 Qh2 31. Re2 f4 32. Qxe4 f3 0-1

[Event "75. LJUBLJANSKA LIGA 2023"]
[Site " gostovanja"]
[Date "2023.03.02"]
[Round "6.4"]
[White "Lapanje, Ajda"]
[Black "Demsar, Maks"]
[Result "0-1"]
[WhiteElo "1022"]
[BlackElo "1442"]
[PlyCount "82"]
[EventDate "2023.03.02"]
[WhiteTeam "SK KOMENDA POPOTNIK"]
[BlackTeam "SS TOMO ZUPAN KRANJ"]

1. e4 e5 2. Nf3 Nc6 3. Bc4 Bc5 4. Nc3 Nf6 5. d3 d6 6. h3 h6 7. Be3 Bxe3 8. fxe3
Na5 9. Nd2 Nxc4 10. Nxc4 Be6 11. Nd2 d5 12. exd5 Nxd5 13. Nxd5 Qh4+ 14. Kf1
Bxd5 15. e4 Be6 16. Qe1 Qe7 17. Nf3 O-O 18. Qg3 Qc5 19. Qxe5 Qxc2 20. Qc3 Qa4
21. b3 Qa6 22. Kf2 c5 23. Rhd1 Rac8 24. Rd2 Rfd8 25. Rad1 Qb6 26. Kf1 Rd6 27.
Ne5 Rcd8 28. Nc4 Bxc4 29. dxc4 Rxd2 30. Rxd2 Re8 31. Re2 Qc6 32. Qd3 Qf6+ 33.
Qf3 Qa1+ 34. Kf2 Re6 35. Qe3 Rf6+ 36. Kg3 Qe5+ 37. Kh4 Rf4+ 38. Qxf4 Qxf4+ 39.
g4 g5+ 40. Kh5 Qf6 41. e5 Qg6# 0-1

[Event "75. LJUBLJANSKA LIGA 2023"]
[Site " gostovanja"]
[Date "2023.03.02"]
[Round "6.1"]
[White "Sedlar, Tomo"]
[Black "Benko, Bostjan"]
[Result "1/2-1/2"]
[WhiteElo "1804"]
[BlackElo "1879"]
[PlyCount "50"]
[EventDate "2023.03.02"]
[WhiteTeam "SD MENGES-TRZIN"]
[BlackTeam "SK ZAGORJE"]

1. d4 d6 2. c4 e5 3. e3 f5 4. Nc3 Nf6 5. g3 e4 6. d5 Be7 7. Nge2 Nbd7 8. Nd4
Ne5 9. Be2 O-O 10. b3 c6 11. Nc2 Qc7 12. Bb2 Bd7 13. O-O Rad8 14. Kg2 c5 15. h4
g6 16. Qd2 Nfg4 17. Bxg4 Nxg4 18. Ne2 Bf6 19. Bxf6 Rxf6 20. Nf4 Ne5 21. a4 Re8
22. Na3 a6 23. Nb1 b6 24. Nc3 h6 25. Rh1 Kh7 1/2-1/2

[Event "75. LJUBLJANSKA LIGA 2023"]
[Site " gostovanja"]
[Date "2023.03.02"]
[Round "6.2"]
[White "Medvesek, Janez"]
[Black "Veskovic, Dzemal"]
[Result "1-0"]
[WhiteElo "1825"]
[BlackElo "1876"]
[PlyCount "51"]
[EventDate "2023.03.02"]
[WhiteTeam "SK ZAGORJE"]
[BlackTeam "SD MENGES-TRZIN"]

1. d4 e6 2. c4 d6 3. e4 Be7 4. Nc3 a6 5. Bd3 c5 6. d5 e5 7. f4 Nd7 8. Nf3 Bf6
9. O-O Ne7 10. Qe1 O-O 11. f5 Kh8 12. g4 Ng8 13. Qg3 g5 14. Kg2 h6 15. Rh1 Bg7
16. h4 f6 17. hxg5 fxg5 18. Nxg5 Ndf6 19. Nf3 Nh7 20. g5 Qe7 21. Nh4 Qf7 22.
Ng6+ Qxg6 23. fxg6 Nhf6 24. gxh6 Nxh6 25. Bxh6 Bxh6 26. g7+ 1-0

[Event "75. LJUBLJANSKA LIGA 2023"]
[Site " gostovanja"]
[Date "2023.03.02"]
[Round "6.3"]
[White "Simicak, Metod"]
[Black "Bajraktarevic, Bajro"]
[Result "0-1"]
[WhiteElo "1704"]
[BlackElo "1634"]
[PlyCount "120"]
[EventDate "2023.03.02"]
[WhiteTeam "SD MENGES-TRZIN"]
[BlackTeam "SK ZAGORJE"]

1. e4 c5 2. Nc3 Nc6 3. Bb5 g6 4. Bxc6 dxc6 5. Qf3 Bg7 6. Nge2 Nf6 7. h3 O-O 8.
d3 e5 9. Be3 Qd6 10. g4 Be6 11. Qg3 b5 12. f4 exf4 13. Bxf4 Qd7 14. Bd6 Rfe8
15. Bxc5 a5 16. Nf4 b4 17. Na4 Nxe4 18. dxe4 Bc4 19. Rd1 Rxe4+ 20. Kf2 Qc7 21.
Bd6 Qa7+ 22. Kg2 g5 23. Nd3 Re3 24. Qf2 Bd5+ 25. Kh2 Bd4 26. Rhf1 Rae8 27. Qf5
Re2+ 28. Nf2 h6 29. Rxd4 Qxd4 30. Bc5 Qf4+ 31. Qxf4 gxf4 32. c3 Bc4 33. cxb4
Bb5 34. Nc3 Rxb2 35. Nxb5 cxb5 36. a3 a4 37. Rd1 Rb3 38. Rd6 Rxa3 39. Rxh6 Re6
40. Rh5 Rf3 41. Bd4 f6 42. Rxb5 Ra6 43. Ra5 Rxa5 44. bxa5 a3 45. Ne4 a2 46.
Nxf6+ Kf7 47. Ne4 Rf1 48. Ng5+ Ke7 49. Kg2 a1=Q 50. Bxa1 Rxa1 51. h4 Kf6 52.
Ne4+ Ke5 53. Nd2 Ra3 54. Kf2 Ra2 55. Ke1 Kd4 56. h5 Ke3 57. Nc4+ Kd4 58. Nd2
Kc3 59. Nf3 Rxa5 60. h6 Kd3 0-1

[Event "75. LJUBLJANSKA LIGA 2023"]
[Site " gostovanja"]
[Date "2023.03.02"]
[Round "6.4"]
[White "Brvar, Anze"]
[Black "Ocepek, Marjan"]
[Result "1-0"]
[WhiteElo "1781"]
[BlackElo "1610"]
[PlyCount "47"]
[EventDate "2023.03.02"]
[WhiteTeam "SK ZAGORJE"]
[BlackTeam "SD MENGES-TRZIN"]

1. d4 Nf6 2. Nf3 e6 3. Bg5 Be7 4. e3 b6 5. Bd3 Bb7 6. Nbd2 d5 7. O-O Nbd7 8. c4
O-O 9. Rc1 c5 10. Bb1 Rc8 11. Qa4 Bc6 12. Qc2 h6 13. Bh4 dxc4 14. Ne5 g6 15.
Nxg6 fxg6 16. Qxg6+ Kh8 17. Qxh6+ Kg8 18. Qg6+ Kh8 19. dxc5 Qe8 20. Qh6+ Kg8
21. Bg6 Qd8 22. Rxc4 e5 23. Bxf6 Nxf6 24. Rh4 1-0

[Event "75. LJUBLJANSKA LIGA 2023"]
[Site " gostovanja"]
[Date "2023.03.02"]
[Round "6.1"]
[White "Skok, Boris"]
[Black "Butala, Marjan"]
[Result "1-0"]
[WhiteElo "1944"]
[BlackElo "1885"]
[PlyCount "35"]
[EventDate "2023.03.02"]
[WhiteTeam "SD CRNI GRABEN"]
[BlackTeam "KPSRD KAREL JERAJ LJUBLJANA"]

1. d4 Nf6 2. c4 g6 3. Nc3 Bg7 4. e4 d6 5. Nf3 O-O 6. h3 e5 7. d5 Nh5 8. g3 Na6
9. Be2 Qe8 10. Nh4 Nf6 11. g4 Nc5 12. Qc2 a5 13. Bg5 a4 14. f3 Nb3 15. axb3
axb3 16. Qd1 Rxa1 17. Qxa1 h5 18. Be3 1-0

[Event "75. LJUBLJANSKA LIGA 2023"]
[Site " gostovanja"]
[Date "2023.03.02"]
[Round "6.2"]
[White "Mlacnik, Janez"]
[Black "Hribar, Janez"]
[Result "0-1"]
[WhiteElo "1832"]
[BlackElo "1894"]
[PlyCount "76"]
[EventDate "2023.03.02"]
[WhiteTeam "KPSRD KAREL JERAJ LJUBLJANA"]
[BlackTeam "SD CRNI GRABEN"]

1. e4 Nf6 2. e5 Nd5 3. Nc3 Nxc3 4. bxc3 d6 5. exd6 cxd6 6. Nf3 e5 7. Bb5+ Bd7
8. Bxd7+ Nxd7 9. O-O Be7 10. Re1 O-O 11. d4 Rc8 12. Qd3 Qc7 13. Bd2 Bf6 14. Qf5
g6 15. Qh3 Rfe8 16. Ng5 Nf8 17. Ne4 Bg7 18. Qh4 f5 19. Nf6+ Bxf6 20. Qxf6 Qe7
21. dxe5 dxe5 22. Qxe7 Rxe7 23. Re3 e4 24. Rae1 Rd7 25. Bc1 Ne6 26. f3 Nc5 27.
Ba3 f4 28. R3e2 e3 29. g3 g5 30. gxf4 gxf4 31. Rg2+ Rg7 32. Rxg7+ Kxg7 33. Rb1
b6 34. Rb4 Rd8 35. Rd4 Re8 36. Kf1 Ne6 37. Rd7+ Kf6 38. Rxh7 Ng5 0-1

[Event "75. LJUBLJANSKA LIGA 2023"]
[Site " gostovanja"]
[Date "2023.03.02"]
[Round "6.3"]
[White "Majcen, Zoran"]
[Black "Vertacnik, Viktor"]
[Result "1-0"]
[WhiteElo "1802"]
[BlackElo "1572"]
[PlyCount "45"]
[EventDate "2023.03.02"]
[WhiteTeam "SD CRNI GRABEN"]
[BlackTeam "KPSRD KAREL JERAJ LJUBLJANA"]

1. e4 e5 2. d4 exd4 3. Qxd4 Nc6 4. Qe3 g6 5. Bd2 Bg7 6. Nc3 Nge7 7. O-O-O O-O
8. h4 d5 9. exd5 Nxd5 10. Qg3 Nxc3 11. Bxc3 Qe7 12. Bxg7 Kxg7 13. h5 Bf5 14.
hxg6 fxg6 15. Nf3 Nb4 16. Nd4 Nxa2+ 17. Kb1 Nb4 18. Nxf5+ Rxf5 19. Bc4 b5 20.
Rhe1 Qc5 21. Rd7+ Kf8 22. Qc3 Qxc4 23. Qg7# 1-0

[Event "75. LJUBLJANSKA LIGA 2023"]
[Site " gostovanja"]
[Date "2023.03.02"]
[Round "6.4"]
[White "Cizman, Gregor"]
[Black "Erazem, Franc"]
[Result "1/2-1/2"]
[WhiteElo "1499"]
[BlackElo "1480"]
[PlyCount "48"]
[EventDate "2023.03.02"]
[WhiteTeam "KPSRD KAREL JERAJ LJUBLJANA"]
[BlackTeam "SD CRNI GRABEN"]

1. d4 b6 2. Nf3 Bb7 3. e3 g6 4. Nbd2 Bg7 5. c3 Nf6 6. Bd3 d6 7. e4 Nbd7 8. O-O
c5 9. Re1 O-O 10. Qe2 Ne8 11. Bc4 e5 12. dxe5 Nxe5 13. Nxe5 Bxe5 14. Nf3 Kg7
15. Be3 Qe7 16. Nxe5 dxe5 17. f3 Nd6 18. Rad1 Nxc4 19. Qxc4 Rfd8 20. Qe2 f6 21.
Rxd8 Rxd8 22. Rd1 g5 23. Rxd8 Qxd8 24. Qd2 Qxd2 1/2-1/2

[Event "75. LJUBLJANSKA LIGA 2023"]
[Site " gostovanja"]
[Date "2023.03.09"]
[Round "7.1"]
[White "Jelen, Igor"]
[Black "Siraj, Svit"]
[Result "0-1"]
[WhiteElo "2313"]
[BlackElo "2088"]
[PlyCount "110"]
[EventDate "2023.03.09"]
[WhiteTeam "SK IG"]
[BlackTeam "SD VRHNIKA"]

1. d4 Nf6 2. c4 e6 3. Nc3 Bb4 4. e3 c5 5. Bd3 Nc6 6. Nf3 Bxc3+ 7. bxc3 d6 8. e4
e5 9. d5 Ne7 10. Rb1 O-O 11. Nd2 Ng6 12. g3 b6 13. Nf1 Ne8 14. Ne3 Ne7 15. Rb2
f5 16. exf5 Nxf5 17. Nxf5 Bxf5 18. Bxf5 Rxf5 19. O-O Qf6 20. f4 exf4 21. g4 Qg6
22. Bxf4 Rf7 23. Qf3 Nc7 24. Qg3 Raf8 25. Rff2 Ne8 26. Rbe2 Nf6 27. Bxd6 Qb1+
28. Rf1 Qxf1+ 29. Kxf1 Ne4+ 30. Kg2 Nxg3 31. hxg3 Rd8 32. Be7 Re8 33. d6 Rfxe7
34. dxe7 Kf7 35. a4 Rxe7 36. Rd2 Re3 37. Rd7+ Kf8 38. Rxa7 Rxc3 39. a5 bxa5 40.
Rxa5 Rxc4 41. Kh3 g5 42. Ra7 h6 43. Rh7 Re4 44. Rxh6 Ke7 45. Rc6 Re5 46. Kg2
Kd7 47. Ra6 Re6 48. Ra5 Kd6 49. Kf3 Kd5 50. Ra4 Re5 51. Ra5 Kd4 52. Rb5 c4 53.
Rxe5 Kxe5 54. Ke3 Kd5 55. Kd2 Ke4 0-1

[Event "75. LJUBLJANSKA LIGA 2023"]
[Site " gostovanja"]
[Date "2023.03.09"]
[Round "7.2"]
[White "Siraj, Anej"]
[Black "Hiti, Domen"]
[Result "1/2-1/2"]
[WhiteElo "2055"]
[BlackElo "2236"]
[PlyCount "47"]
[EventDate "2023.03.09"]
[WhiteTeam "SD VRHNIKA"]
[BlackTeam "SK IG"]

1. d4 d5 2. Bf4 c6 3. e3 Nf6 4. Bd3 Bg4 5. Nf3 e6 6. c4 Bb4+ 7. Nc3 dxc4 8.
Bxc4 Nd5 9. Bxd5 exd5 10. O-O O-O 11. Qb3 Bd6 12. Bxd6 Qxd6 13. Qxb7 Bxf3 14.
gxf3 Nd7 15. Qa6 f5 16. Kh1 f4 17. e4 dxe4 18. Nxe4 Qh6 19. Rg1 Nb6 20. Qb7 Rf7
21. Qa6 Rd8 22. Rae1 Qh4 23. Qd3 h6 24. a4 {nejasno (42)} 1/2-1/2

[Event "75. LJUBLJANSKA LIGA 2023"]
[Site " gostovanja"]
[Date "2023.03.09"]
[Round "7.4"]
[White "Rozic, Adrijan"]
[Black "Praznik, Anton"]
[Result "1/2-1/2"]
[WhiteElo "2067"]
[BlackElo "2078"]
[PlyCount "51"]
[EventDate "2023.03.09"]
[WhiteTeam "SK IG"]
[BlackTeam "SD VRHNIKA"]

1. d4 e6 2. Nf3 Nf6 3. c3 b6 4. Bg5 Bb7 5. Nbd2 Be7 6. Bxf6 Bxf6 7. e4 d6 8.
Bd3 Nd7 9. O-O O-O 10. Qe2 e5 11. dxe5 dxe5 12. Ba6 Bxa6 13. Qxa6 Nc5 14. Qe2
Nd3 15. Nc4 Nf4 16. Qc2 Qe7 17. Ne3 Rad8 18. Rad1 c6 19. g3 Nh5 20. Ng4 g6 21.
Nxf6+ Qxf6 22. Kg2 Qe7 23. Rxd8 Rxd8 24. Rd1 Rxd1 25. Qxd1 Nf6 26. Qd3 1/2-1/2